书目信息 |
| 题名: |
制冷与空气调节技术
|
|
| 作者: | 卢士勋 主编 ;上海市制冷学会 编 | |
| 分册: | ||
| 出版信息: | 上海 上海科学普及出版社 1992.1 |
|
| 页数: | 558页 | |
| 开本: | 26cm | |
| 丛书名: | ||
| 单 册: | ||
| 中图分类: | TB66 | |
| 科图分类: | ||
| 主题词: | 制冷--技术 , 空气调节--技术 , 制冷技术 | |
| 电子资源: | ||
| ISBN: | 7-5427-0503-2 | |
| 000 | 01052nam0 2200289 45 | |
| 001 | 0192016249 | |
| 005 | 20061126164945.84 | |
| 010 | @a7-5427-0503-2@dCNY23.00 | |
| 020 | @aCN@b92016249 | |
| 092 | @a科技255-621 | |
| 100 | @a19921211d1992 em y0chiy0121 ea | |
| 101 | 0 | @achi |
| 102 | @aCN@b310000 | |
| 105 | @ay z 000yy | |
| 200 | 10 | @a制冷与空气调节技术@Azhi leng yu kong qi diao jie ji shu@e理论基础及工程应用@Eli lun ji chu ji gong cheng ying yong@f卢士勋主编@Flu shi xun zhu bian@g上海市制冷学会编 |
| 210 | @a上海@c上海科学普及出版社@d1992.1 | |
| 215 | @a558页@d26cm | |
| 330 | @a本书系统地阐述制冷和空调技术的理论基础、设备及系统的工作原理、设计、操作和维修,并介绍了制冷和空调技术在工程应用方面的最新成就和技术进展等。 | |
| 540 | 1 | @a制冷 空调@Azhi leng kong diao |
| 606 | @a制冷@x技术 | |
| 606 | @a空气调节@x技术 | |
| 606 | 0 | @a制冷技术 |
| 690 | @aTB66@v3 | |
| 701 | 0 | @a卢士勋@Alu shi xun@4主编 |
| 712 | 02 | @a上海市制冷学会@Ashang hai shi zhi leng xue hui@4编 |
| 801 | 0 | @aCN@bTSSF@c20061126 |
| 905 | @a10447@dTB66@e39 | |
| 制冷与空气调节技术:理论基础及工程应用/卢士勋主编/上海市制冷学会编.-上海:上海科学普及出版社,1992.1 |
| 558页;26cm |
| ISBN 7-5427-0503-2:CNY23.00 |
| 本书系统地阐述制冷和空调技术的理论基础、设备及系统的工作原理、设计、操作和维修,并介绍了制冷和空调技术在工程应用方面的最新成就和技术进展等。 |
| ● |
| 相关链接 |
|
|
|
|
正题名:制冷与空气调节技术
索取号:TB66/39
 
预约/预借
| 序号 | 登录号 | 条形码 | 馆藏地/架位号 | 状态 | 备注 |
| 1 | 0266765 | 001471375 | 第二样本阅览室/ [索取号:TB66/39] | 在馆 |